| 000 | 00662nam a2200217 u 4500 | ||
|---|---|---|---|
| 005 | 20240925063955.0 | ||
| 008 | 140811s19801990 r 000 0 eng d | ||
| 020 | _a9684460139 | ||
| 035 | _aUPN01000198700 | ||
| 049 | _aCG | ||
| 050 | 4 |
_aBL535 _bV5.2 |
|
| 245 | 0 | 3 |
_aLa vida después de la muerte / _cArnold Toynbee ... [et al.] ; tr. Carlos Gardini. |
| 260 |
_aMéxico : _bHermes : _bSudamericana, _c1980 (1990 impr.). |
||
| 300 | _a319 p. | ||
| 534 |
_pTítulo original: _tLife after death |
||
| 650 | 4 |
_aVIDA FUTURA _916852 |
|
| 650 | 2 |
_aMuerte _915642 |
|
| 700 | 1 |
_aToynbee, Arnold Joseph, _d1889-1975, _ecoaut. |
|
| 905 | _aLibro | ||
| 999 |
_c170801 _d170801 |
||